Despensar la izquierda /

Ahonda en la necesidad de que la izquierda se encuentre consigo misma, dotándose para ello de una epistemología que, redefiniendo su identidad de izquierda, le permita refundar sus prácticas ideológicas, sociales y políticas en la cada vez más compleja y cambiante topología del poder y la lucha. En...

Description complète

Enregistré dans:
Détails bibliographiques
Auteur principal: Sánchez Parga, José
Format: Texte
Sujets:
Tags: Ajouter un tag
Pas de tags, Soyez le premier à ajouter un tag!

MARC

LEADER 00000 a a2200000 04500
001 10514
003
040
100 |a Sánchez Parga, José  
245 |a Despensar la izquierda /  |c José Sánchez Parga 
520 |a Ahonda en la necesidad de que la izquierda se encuentre consigo misma, dotándose para ello de una epistemología que, redefiniendo su identidad de izquierda, le permita refundar sus prácticas ideológicas, sociales y políticas en la cada vez más compleja y cambiante topología del poder y la lucha. En un permanente estado crítico y polémico, la izquierda debe "despensarse", o sea debe asumir el reto de repensarse desde la ineludible utopía concreta de la democracia. La izquierda debe interrogarse sobre la legitimidad y eficacia política de ejercer el poder desde el gobierno, si la única condición para gobernar reside ineludiblemente en el doble compromiso con los poderes económicos dominantes y con las élites político-estatales. La decisiva apuesta presente y futura de la izquierda, donde habrá de redefinir sus identidades, reside en la preeminencia y centralidad que ha adquirido la idea de la democracia, no sólo como tema de reflexión teórica y de elaboración ideológica, sino a la vez como ideal práctico, orientador de las luchas políticas y como una cuestión principal que gravita con alta intensidad en las consideraciones, definiciones y decisiones estratégicas. OB/LOB  
650 |a IDEOLOGIAS POLITICAS  
650 |a COMUNISMO  
650 |a ASPECTOS POLITICOS  
650 |a ASPECTOS SOCIALES  
650 |a SISTEMAS POLITICOS  
650 |a DEMOCRACIA  
650 |a PARTICIPACION SOCIAL  
773 |g número 141; páginas 144-155  
999 |c 33354  |d 33354